Central Library OPAC University of Rajshahi

Geography of the U.S.S.R. / (Record no. 70975)

MARC details
000 -LEADER
fixed length control field 00744nam a2200253 a 4500
001 - CONTROL NUMBER
control field 70975
003 - CONTROL NUMBER IDENTIFIER
rucl marc code BD-RJUL
005 - DATE AND TIME OF LATEST TRANSACTION
control field 20211209082050.0
008 - FIXED-LENGTH DATA ELEMENTS--GENERAL INFORMATION
fixed length control field 170423s1964 enkab b 001 0 eng d
035 ## - SYSTEM CONTROL NUMBER
System control number (BD-RJUL)71189
040 ## - CATALOGING SOURCE
Original cataloging agency DLC
Transcribing agency DLC
Modifying agency OCL
-- BD-RJUL
Language of cataloging eng
041 ## - LANGUAGE CODE
Language code of text/sound track or separate title eng
082 ## - DEWEY DECIMAL CLASSIFICATION NUMBER
Edition number 23
Classification number 914.7
Author mark and year MEG 1964
090 ## - LOCALLY ASSIGNED LC-TYPE CALL NUMBER (OCLC); LOCAL CALL NUMBER (OCLC)
Classification number (OCLC) (R) ; Classification number, CALL (RLIN) (NR) DK28
Local cutter number (OCLC) ; Book number/undivided call number, CALL (RLIN) .M527
099 ## - LOCAL FREE-TEXT CALL NUMBER (OCLC)
Bangla Class number DK28.M527
100 1# - MAIN ENTRY--PERSONAL NAME
Personal name Mellor, Roy E. H.
9 (RLIN) 210023
245 10 - TITLE STATEMENT
Title Geography of the U.S.S.R. /
Statement of responsibility, etc. by R. E. H. Mellor.
260 ## - PUBLICATION, DISTRIBUTION, ETC. (IMPRINT)
Place of publication, distribution, etc. London,
Name of publisher, distributor, etc. Macmillan;
Place of publication, distribution, etc. New York :
Name of publisher, distributor, etc. St. Martin's Press,
Date of publication, distribution, etc. 1964.
300 ## - PHYSICAL DESCRIPTION
Pagination xv, 402 p. :
Illustrations ill. ;
Size 23 cm.
504 ## - BIBLIOGRAPHY, ETC. NOTE
Bibliography, etc Bibliography: p. 377-381 & Index.
651 #0 - SUBJECT ADDED ENTRY--GEOGRAPHIC NAME
Geographic name Soviet Union
General subdivision Geography.
9 (RLIN) 210024
942 ## - ADDED ENTRY ELEMENTS (KOHA)
Source of classification or shelving scheme Dewey Decimal Classification
Koha item type Books
Holdings
Lost status Source of classification or shelving scheme Damaged status Not for loan Collection code Permanent Location Current Location Shelving location Date acquired Source of acquisition Cost, normal purchase price Total Checkouts Full call number Date last seen Copy number Koha item type
  Dewey Decimal Classification   Not For Loan Non-fiction Central Library, University of Rajshahi Central Library, University of Rajshahi Reading Room 20/11/1965 Zetlinger 45.00   914.7 MEG 1964 23/04/2017 C-1 Books